| 000 -LEADER |
| fixed length control field |
00660nam a22001817a 4500 |
| 005 - DATE AND TIME OF LATEST TRANSACTION |
| control field |
20260227102031.0 |
| 008 - FIXED-LENGTH DATA ELEMENTS--GENERAL INFORMATION |
| fixed length control field |
260227s2005 enk||||| |||| 00| 0 eng d |
| 020 ## - INTERNATIONAL STANDARD BOOK NUMBER |
| International Standard Book Number |
9780815748694x |
| 041 ## - LANGUAGE CODE |
| Language code of text/sound track or separate title |
eng |
| 080 ## - UNIVERSAL DECIMAL CLASSIFICATION NUMBER |
| Universal Decimal Classification number |
327(520) K-16 |
| 100 ## - MAIN ENTRY--PERSONAL NAME |
| Personal name |
Kawashima, Yutaka |
| 9 (RLIN) |
27003 |
| 245 ## - TITLE STATEMENT |
| Title |
Japanese Foreign Policy at the Crossroads: |
| Remainder of title |
Challenges and Options for the Twenty-First Century / |
| Statement of responsibility, etc. |
Yutaka Kawashima. |
| 264 ## - PRODUCTION, PUBLICATION, DISTRIBUTION, MANUFACTURE, AND COPYRIGHT NOTICE |
| Place of production, publication, distribution, manufacture |
Washington : |
| Name of producer, publisher, distributor, manufacturer |
Brookings Institution Press, |
| Date of production, publication, distribution, manufacture, or copyright notice |
2005. |
| 300 ## - PHYSICAL DESCRIPTION |
| Extent |
165 p. ; |
| Other physical details |
23 cm. |
| 500 ## - GENERAL NOTE |
| General note |
Bibliogr.: p. 153-154. |
| 653 ## - INDEX TERM--UNCONTROLLED |
| keyword |
იაპონიის საგარეო პოლიტიკა |
| 942 ## - ADDED ENTRY ELEMENTS (KOHA) |
| Source of classification or shelving scheme |
|
| Koha item type |
წიგნი |